Sports Quiz

Random Sports or WWE Quiz

WWE Hall of Fame (Clickable) Quiz Stats

Quiz not verified by Sporcle

Challenge
Share
Tweet
Embed
Score 0/20 Timer 06:00
0 Plays Today
% Correct
Bret Hart
83.8%
Roddy Piper
82.7%
Eddie Guerrero
82.6%
Edge
81.6%
Dusty Rhodes
81.3%
Fabulous Moolah
80%
Pat Patterson
80%
Bobby Heenan
78.6%
Mae Young
76.4%
Billy Graham
75.7%
% Correct
Howard Finkel
75.3%
Junkyard Dog
75%
Abdullah the Butcher
72.9%
Ron Simmons
72.4%
Sunny
70.6%
Mil Máscaras
70%
Jack Brisco
68.5%
Antonio Inoki
65.7%
Nick Bockwinkel
61.5%
Gordon Solie
57.3%

You're not logged in!

Compare scores with friends on all Sporcle quizzes.
Join for Free
OR
Log In

You Might Also Like...

Show Comments

Extras

Top Quizzes Today


Score Distribution

Your Account Isn't Verified!

In order to create a playlist on Sporcle, you need to verify the email address you used during registration. Go to your Sporcle Settings to finish the process.

Report this User

Report this user for behavior that violates our Community Guidelines.

Details: